| 000 | 00390nam a2200109Ia 4500 | ||
|---|---|---|---|
| 008 | 160909s9999 xx 000 0 und d | ||
| 100 | _aTochterman, Lori A. | ||
| 245 | 4 | _aThe relationships between a dedicated education unit and quality of nursing care | |
| 260 |
_bWashington State University _c2016 |
||
| 650 | _aNursing | ||
| 856 | _uhttp://pqdtopen.proquest.com/doc/1804922375.html?FMT=ABS | ||
| 999 |
_c303864 _d303864 |
||